[Event "Titled Tuesday intern op 3rd March"]
[Site "Chess.com INT"]
[Date "2020.03.03"]
[Round "1"]
[White "Aitbayev, Aslan"]
[Black "Bergamasco, Tommaso"]
[Result "1-0"]
[WhiteElo "2457"]
[BlackElo "2152"]
[PlyCount "67"]
[EventDate "2020.03.03"]
[EventType "swiss (blitz)"]
[EventRounds "10"]
[EventCountry "USA"]
[SourceTitle "EXT 2021"]
[Source "ChessBase"]
[SourceDate "2020.10.23"]
[SourceVersion "1"]
[SourceVersionDate "2020.10.23"]
[SourceQuality "1"]

1. e4 e5 2. Nf3 Nc6 3. Bb5 a6 4. Ba4 Nf6 5. 0-0 b5 6. Bb3 Be7 7. Re1 0-0 8. d4 d6 9. c3 Bb7 10. d5 Nb8 11. Nbd2 Nbd7 12. Nf1 h6 13. Ng3 Nh7 14. Nf5 Bg5 15. Nxg5 Nxg5 16. Qg4 Nf6 17. Qh4 Nfh7 18. Qg3 Bc8 19. h4 Bxf5 20. exf5 a5 21. hxg5 hxg5 22. a4 b4 23. cxb4 axb4 24. Bd2 Rb8 25. a5 f6 26. a6 Rb6 27. Bc4 Qa8 28. Be3 Rbb8 29. Qf3 Rfe8 30. a7 Rb7 31. Ba6 Rb6 32. Bxb6 cxb6 33. Bb5 Rc8 34. Bc6 1-0

[Event "Titled Tuesday intern op 3rd March"]
[Site "Chess.com INT"]
[Date "2020.03.03"]
[Round "8"]
[White "Bergamasco, Tommaso"]
[Black "Burmakin, Vladimir"]
[Result "1/2-1/2"]
[WhiteElo "2152"]
[BlackElo "2514"]
[PlyCount "129"]
[EventDate "2020.03.03"]
[EventType "swiss (blitz)"]
[EventRounds "10"]
[EventCountry "USA"]
[SourceTitle "EXT 2021"]
[Source "ChessBase"]
[SourceDate "2020.10.23"]
[SourceVersion "1"]
[SourceVersionDate "2020.10.23"]
[SourceQuality "1"]

1. d4 d5 2. Nf3 c6 3. Bf4 Qb6 4. Qc1 Bg4 5. Nbd2 Nf6 6. e3 e6 7. Bd3 Nbd7 8. 0-0 c5 9. c3 Be7 10. h3 Bh5 11. a3 0-0 12. b4 cxd4 13. cxd4 Rfc8 14. Qb1 Bg6 15. Nb3 Ne4 16. Nc5 Nexc5 17. Bxg6 hxg6 18. bxc5 Qxb1 19. Raxb1 b6 20. cxb6 axb6 21. Rb3 Rxa3 22. Rfb1 Rxb3 23. Rxb3 f6 24. Rb1 Ba3 25. Nd2 Rc1+ 26. Rxc1 Bxc1 27. Nb3 Ba3 28. Bc7 Kf7 29. Kf1 Ke7 30. Ke2 Bd6 31. Bxd6+ Kxd6 32. Kd3 Kc6 33. f3 Kb5 34. Nd2 Kb4 35. e4 b5 36. Nb1 Nb6 37. Nc3 Ka5 38. Ne2 g5 39. g3 b4 40. h4 gxh4 41. gxh4 Ka4 42. Nf4 Ka3 43. Nxe6 b3 44. Nc7 b2 45. Nb5+ Kb3 46. Nc3 Na4 47. Nb1 Nb6 48. h5 Ka2 49. Kc2 Ka1 50. e5 fxe5 51. dxe5 Nc4 52. e6 Ne3+ 53. Kd3 Nf5 54. Nc3 b1Q+ 55. Nxb1 Kxb1 56. Kc3 Kc1 57. Kb4 Kd2 58. Kc5 d4 59. e7 Nxe7 60. Kxd4 Ke2 61. Ke4 Ng8 62. Kf4 Nf6 63. Kg5 Kxf3 64. Kg6 Nxh5 65. Kxh5 1/2-1/2

[Event "Titled Tuesday intern op 2nd July"]
[Site "Chess.com INT"]
[Date "2019.07.02"]
[Round "2"]
[White "Bergamasco, Tommaso"]
[Black "Gogolev, Artem"]
[Result "0-1"]
[WhiteElo "2150"]
[BlackElo "2355"]
[PlyCount "76"]
[EventDate "2019.07.02"]
[EventType "swiss (blitz)"]
[EventRounds "10"]
[EventCountry "USA"]
[SourceTitle "EXT 2021"]
[Source "ChessBase"]
[SourceDate "2020.10.23"]
[SourceVersion "1"]
[SourceVersionDate "2020.10.23"]
[SourceQuality "1"]

1. d4 Nf6 2. Bg5 e6 3. e4 h6 4. Bxf6 Qxf6 5. Nf3 g6 6. Nbd2 d6 7. Bd3 Bg7 8. 0-0 0-0 9. c3 Qe7 10. Re1 b6 11. Nf1 Bb7 12. Rc1 Nd7 13. Bb1 e5 14. Ne3 exd4 15. Nxd4 Nc5 16. f3 Rfe8 17. Qc2 Qg5 18. b4 Ne6 19. Nxe6 Rxe6 20. a4 Rae8 21. Ba2 R6e7 22. Qf2 Kh7 23. Bd5 c6 24. Bb3 a5 25. h4 Qh5 26. g4 Qe5 27. Nc4 Qf4 28. Nxb6 axb4 29. cxb4 d5 30. Bc2 dxe4 31. Bxe4 Rxe4 32. fxe4 Qxg4+ 33. Kh1 c5 34. bxc5 Rxe4 35. c6 Rxe1+ 36. Qxe1 Qh3+ 37. Kg1 Bd4+ 38. Qf2 Qg3+ 0-1

[Event "Titled Tuesday intern op 4th June"]
[Site "Chess.com INT"]
[Date "2019.06.04"]
[Round "8"]
[White "Astasio Lopez, David"]
[Black "Bergamasco, Tommaso"]
[Result "1/2-1/2"]
[WhiteElo "2389"]
[BlackElo "2150"]
[PlyCount "154"]
[EventDate "2019.06.04"]
[EventType "swiss (blitz)"]
[EventRounds "10"]
[EventCountry "USA"]
[SourceTitle "EXT 2021"]
[Source "ChessBase"]
[SourceDate "2020.10.23"]
[SourceVersion "1"]
[SourceVersionDate "2020.10.23"]
[SourceQuality "1"]

1. d4 d6 2. Nf3 Bg4 3. Nbd2 Nf6 4. h3 Bxf3 5. Nxf3 g6 6. Bg5 Bg7 7. c3 0-0 8. Qc2 d5 9. Bxf6 Bxf6 10. e4 c6 11. Bd3 dxe4 12. Bxe4 Na6 13. 0-0 Nc7 14. Rfe1 Ne6 15. Qb3 Qb6 16. Bd3 Rfd8 17. Bc4 Qxb3 18. Bxb3 Nf4 19. Re4 Nd5 20. Rae1 e6 21. Ne5 Bxe5 22. Rxe5 Nb6 23. f4 Kg7 24. g4 Rd7 25. Kg2 Rad8 26. Kg3 a6 27. R1e2 Nd5 28. f5 exf5 29. gxf5 Nf6 30. fxg6 hxg6 31. Re7 Rxe7 32. Rxe7 Rd7 33. Re5 Nh5+ 34. Kf3 Nf6 35. a4 Kf8 36. Re1 Nd5 37. a5 Rd6 38. Re5 Nf6 39. Bc4 Nd7 40. Re2 c5 41. d5 f6 42. b3 Ne5+ 43. Kf4 Ke7 44. Rg2 Rd8 45. Rd2 Kd6 46. Bf1 Rh8 47. c4 Rh4+ 48. Ke3 f5 49. Bg2 f4+ 50. Kf2 f3 51. Bf1 Rf4 52. Rb2 Rd4 53. Ke3 g5 54. b4 Nxc4+ 55. Bxc4 Rxc4 56. bxc5+ Kxc5 57. Rxb7 Rc3+ 58. Kf2 Ra3 59. Rg7 Rxa5 60. Rxg5 Kd6 61. h4 Rxd5 62. Rg6+ Ke7 63. Rxa6 Rf5 64. Rg6 Kf7 65. Rg4 Rf6 66. Rg5 Rg6 67. Rf5+ Rf6 68. Rg5 Rg6 69. Ra5 Rf6 70. h5 Kg7 71. Rg5+ Kh6 72. Re5 Rf7 73. Rd5 Rf6 74. Rc5 Rf7 75. Rc3 Rf6 76. Rxf3 Rxf3+ 77. Kxf3 Kxh5 1/2-1/2

[Event "Titled Tuesday intern op 4th June"]
[Site "Chess.com INT"]
[Date "2019.06.04"]
[Round "10"]
[White "Savanovic, Aleksandar"]
[Black "Bergamasco, Tommaso"]
[Result "1-0"]
[WhiteElo "2416"]
[BlackElo "2150"]
[PlyCount "91"]
[EventDate "2019.06.04"]
[EventType "swiss (blitz)"]
[EventRounds "10"]
[EventCountry "USA"]
[SourceTitle "EXT 2021"]
[Source "ChessBase"]
[SourceDate "2020.10.23"]
[SourceVersion "1"]
[SourceVersionDate "2020.10.23"]
[SourceQuality "1"]

1. e4 Nf6 2. e5 Nd5 3. d4 d6 4. Nf3 dxe5 5. Nxe5 c6 6. Be2 Bf5 7. 0-0 e6 8. c4 Nb4 9. Na3 Nd7 10. Qb3 Nxe5 11. dxe5 Qc7 12. Bf4 Be7 13. Rad1 0-0 14. Rd6 a5 15. c5 Nd5 16. Bg3 Bxd6 17. exd6 Qc8 18. Nc4 a4 19. Qf3 Qd8 20. Rc1 Rc8 21. Qa3 b5 22. Ne3 Bg6 23. Nxd5 exd5 24. h4 Qd7 25. h5 Bf5 26. Qb4 Rfe8 27. Bf3 Be4 28. h6 Bxf3 29. gxf3 gxh6 30. Kg2 Re6 31. Qg4+ Kf8 32. Rh1 Rd8 33. Qf4 Rg6 34. Rxh6 Kg8 35. Qh4 f6 36. Rxg6+ hxg6 37. Qxf6 Rf8 38. Qxg6+ Qg7 39. Qh5 Rf6 40. Kf1 Re6 41. Qg4 Qxg4 42. fxg4 Kf7 43. Bh4 d4 44. d7 Re8 45. dxe8Q+ Kxe8 46. Ke2 1-0

[Event "Titled Tuesday intern op 5th March"]
[Site "Chess.com INT"]
[Date "2019.03.05"]
[Round "5"]
[White "Martinez Romero, Martin"]
[Black "Bergamasco, Tommaso"]
[Result "0-1"]
[WhiteElo "2433"]
[BlackElo "2160"]
[PlyCount "66"]
[EventDate "2019.03.05"]
[EventType "swiss (blitz)"]
[EventRounds "10"]
[EventCountry "USA"]
[SourceTitle "EXT 2021"]
[Source "ChessBase"]
[SourceDate "2020.10.23"]
[SourceVersion "1"]
[SourceVersionDate "2020.10.23"]
[SourceQuality "1"]

1. e4 e5 2. Nf3 Nc6 3. Bc4 Bc5 4. c3 Nf6 5. d4 exd4 6. e5 d5 7. Be2 Ne4 8. cxd4 Bb4+ 9. Nbd2 0-0 10. 0-0 Ne7 11. Nb3 c6 12. Ng5 Be6 13. a3 Ba5 14. Nxe4 dxe4 15. Bg5 Bb6 16. Rc1 Qc7 17. Nc5 h6 18. Be3 Nf5 19. Qd2 Rad8 20. Rfd1 Qe7 21. Qc2 Nxe3 22. fxe3 Qg5 23. Qc3 Bxc5 24. dxc5 Bh3 25. g3 Rfe8 26. Rd4 Rd5 27. Rxe4 Rdxe5 28. Rxe5 Rxe5 29. Rd1 Rxe3 30. Rd8+ Kh7 31. Bd3+ f5 32. Rd7 Rxg3+ 33. Kf2 Qe3# 0-1

[Event "Titled Tuesday intern op 1st Jan"]
[Site "Chess.com INT"]
[Date "2019.01.01"]
[Round "1"]
[White "Bergamasco, Tommaso"]
[Black "Maximov, Dmitry"]
[Result "1-0"]
[WhiteElo "2162"]
[BlackElo "2482"]
[PlyCount "115"]
[EventDate "2019.01.01"]
[EventType "swiss (blitz)"]
[EventRounds "10"]
[EventCountry "USA"]
[SourceTitle "EXT 2021"]
[Source "ChessBase"]
[SourceDate "2020.10.23"]
[SourceVersion "1"]
[SourceVersionDate "2020.10.23"]
[SourceQuality "1"]

1. Nf3 Nf6 2. c4 g6 3. Nc3 Bg7 4. e4 0-0 5. d4 d6 6. Be2 e5 7. dxe5 dxe5 8. Qxd8 Rxd8 9. Bg5 Re8 10. Nd5 Nxd5 11. cxd5 c6 12. Bc4 cxd5 13. Bxd5 Nd7 14. Nd2 h6 15. Be3 Nf6 16. Bb3 Ng4 17. Bc5 Be6 18. f3 Nf6 19. Bxe6 Rxe6 20. Ke2 Nd7 21. Be3 Bf8 22. Rhc1 Bd6 23. Rc2 b6 24. Bxh6 g5 25. Bxg5 Rg6 26. h4 f6 27. Be3 Rxg2+ 28. Kf1 Rh2 29. Kg1 Rxh4 30. Rac1 Kf7 31. Rc8 Rh8 32. Rxa8 Rxa8 33. Rc6 Bc5 34. Nc4 Rg8+ 35. Kf2 Bxe3+ 36. Nxe3 Nc5 37. Rc7+ Ke6 38. Nf5 Nd7 39. Rc6+ Kf7 40. Nh6+ Kg7 41. Nxg8 Kxg8 42. Rc7 Nc5 43. Ke3 a5 44. Rc6 Kf7 45. Rxb6 Ne6 46. Ra6 Nd4 47. Rxa5 Kg6 48. Rd5 Nc2+ 49. Kd2 Nb4 50. Ra5 Kg5 51. a3 Nc6 52. Rc5 Nd4 53. Ke3 Kh4 54. Rc4 Ne6 55. a4 Kg3 56. a5 Ng5 57. a6 Nxf3 58. a7 1-0

[Event "Trieste op 20th"]
[Site "Trieste"]
[Date "2018.09.06"]
[Round "7"]
[White "Bergamasco, Tommaso"]
[Black "Arman, Deniz"]
[Result "0-1"]
[WhiteElo "2180"]
[BlackElo "2366"]
[PlyCount "52"]
[EventDate "2018.09.01"]
[EventType "swiss"]
[EventRounds "9"]
[EventCountry "ITA"]
[SourceTitle "CBM 186 Extra"]
[Source "ChessBase"]
[SourceDate "2018.08.24"]
[SourceVersion "1"]
[SourceVersionDate "2018.08.24"]
[SourceQuality "1"]

1. Nf3 g6 2. c4 Bg7 3. Nc3 e5 4. e4 Nc6 5. d3 Nge7 6. Be2 0-0 7. a3 d6 8. b4 h6 9. h4 f5 10. Rb1 Nd4 11. Nxd4 exd4 12. Nd5 fxe4 13. dxe4 Nxd5 14. cxd5 Qf6 15. f4 Bd7 16. Bd3 Rae8 17. Qf3 c6 18. Kf2 cxd5 19. exd5 h5 20. Qd1 Re3 21. Bxe3 dxe3+ 22. Kg1 Bg4 23. Be2 Qxf4 24. Qf1 Qg3 25. Qe1 Rf2 26. Bf1 Bd4 0-1

[Event "Titled Tuesday intern op 7th Aug"]
[Site "Chess.com INT"]
[Date "2018.08.07"]
[Round "7"]
[White "Bergamasco, Tommaso"]
[Black "Poeta, Caio Medeiros"]
[Result "0-1"]
[WhiteElo "2154"]
[BlackElo "2131"]
[PlyCount "60"]
[EventDate "2018.08.07"]
[EventType "swiss (blitz)"]
[EventRounds "10"]
[EventCountry "USA"]
[SourceTitle "EXT 2021"]
[Source "ChessBase"]
[SourceDate "2020.10.23"]
[SourceVersion "1"]
[SourceVersionDate "2020.10.23"]
[SourceQuality "1"]

1. Nf3 Nf6 2. c4 e6 3. g3 d5 4. Bg2 Be7 5. 0-0 0-0 6. cxd5 exd5 7. b3 c6 8. Bb2 Bf5 9. d3 Re8 10. Nbd2 Nbd7 11. Rc1 h6 12. Qc2 Bb4 13. a3 Bd6 14. Rfe1 Ne5 15. b4 Nxf3+ 16. Bxf3 Bg6 17. e4 Be5 18. d4 Bd6 19. Bg2 a5 20. f4 Nxe4 21. Nxe4 axb4 22. axb4 Bxb4 23. Re2 dxe4 24. Bxe4 Bxe4 25. Rxe4 Qd5 26. Re5 Qf3 27. Ra1 f6 28. Rxe8+ Rxe8 29. Qc4+ Kh7 30. Qxb4 Re2 0-1

[Event "Titled Tuesday intern op 7th Aug"]
[Site "Chess.com INT"]
[Date "2018.08.07"]
[Round "10"]
[White "Bergamasco, Tommaso"]
[Black "Storme, Isak"]
[Result "1-0"]
[WhiteElo "2154"]
[BlackElo "2279"]
[PlyCount "111"]
[EventDate "2018.08.07"]
[EventType "swiss (blitz)"]
[EventRounds "10"]
[EventCountry "USA"]
[SourceTitle "EXT 2021"]
[Source "ChessBase"]
[SourceDate "2020.10.23"]
[SourceVersion "1"]
[SourceVersionDate "2020.10.23"]
[SourceQuality "1"]

1. Nf3 d5 2. c4 dxc4 3. Na3 a6 4. Nxc4 b5 5. Ne3 Bb7 6. g3 Nf6 7. Bg2 g6 8. 0-0 Bg7 9. d3 0-0 10. Qc2 Nbd7 11. Rb1 c5 12. b3 Rc8 13. Bb2 Qb6 14. Rbc1 Rfd8 15. Qb1 Nb8 16. Rfd1 Nc6 17. a3 Nd4 18. Nxd4 cxd4 19. Bxb7 Qxb7 20. Ng2 Nd5 21. Rxc8 Rxc8 22. Rc1 Nc3 23. Bxc3 dxc3 24. b4 Qc6 25. Qb3 e6 26. e3 Qd5 27. Qxd5 exd5 28. d4 Bf8 29. Nf4 a5 30. Nxd5 axb4 31. axb4 Rc4 32. Rxc3 Rxc3 33. Nxc3 Bxb4 34. Nxb5 Kf8 35. f4 Ke7 36. e4 Ba5 37. Kf2 Ke6 38. d5+ Kd7 39. e5 Bb6+ 40. Kf3 h5 41. h3 Bc5 42. g4 hxg4+ 43. hxg4 Bb4 44. Ke4 Bc5 45. f5 gxf5+ 46. gxf5 Bb6 47. e6+ fxe6 48. dxe6+ Ke7 49. Ke5 Bg1 50. f6+ Kf8 51. e7+ Kf7 52. Nd6+ Kg6 53. e8Q+ Kh6 54. Nf5+ Kh7 55. Qf7+ Kh8 56. Qg7# 1-0

[Event "Titled Tuesday intern op 7th Aug"]
[Site "Chess.com INT"]
[Date "2018.08.07"]
[Round "3"]
[White "Crispin Ferreras, Darvi Abraham"]
[Black "Bergamasco, Tommaso"]
[Result "0-1"]
[WhiteElo "2181"]
[BlackElo "2154"]
[PlyCount "86"]
[EventDate "2018.08.07"]
[EventType "swiss (blitz)"]
[EventRounds "10"]
[EventCountry "USA"]
[SourceTitle "EXT 2021"]
[Source "ChessBase"]
[SourceDate "2020.10.23"]
[SourceVersion "1"]
[SourceVersionDate "2020.10.23"]
[SourceQuality "1"]

1. e4 Nf6 2. e5 Nd5 3. d4 d6 4. exd6 exd6 5. c4 Nb6 6. Nc3 Be7 7. Be3 Nc6 8. Nf3 0-0 9. Be2 Bf6 10. 0-0 Bg4 11. b3 d5 12. c5 Nc8 13. h3 Bh5 14. Re1 Bg6 15. Rc1 N8e7 16. a3 Nf5 17. b4 Re8 18. Bf1 a6 19. Qd2 Nh4 20. Nxh4 Bxh4 21. Ne2 Rxe3 22. Qxe3 Bg5 23. f4 Bh4 24. g3 Bf6 25. Qd2 Qd7 26. a4 Re8 27. b5 axb5 28. axb5 Ne7 29. Nc3 c6 30. g4 Be4 31. Nxe4 dxe4 32. Rxe4 Rd8 33. g5 Bxd4+ 34. Kg2 Qd5 35. Qe2 Ng6 36. Kh2 Bxc5 37. bxc6 bxc6 38. Re8+ Rxe8 39. Qxe8+ Bf8 40. Bg2 Qd2 41. Qxc6 Qxf4+ 42. Kh1 Qxg5 43. Qd5 Qxc1+ 0-1

[Event "Titled Tuesday intern op 7th Aug"]
[Site "Chess.com INT"]
[Date "2018.08.07"]
[Round "9"]
[White "Perez Rodriguez, Jennifer"]
[Black "Bergamasco, Tommaso"]
[Result "1/2-1/2"]
[WhiteElo "2159"]
[BlackElo "2154"]
[PlyCount "117"]
[EventDate "2018.08.07"]
[EventType "swiss (blitz)"]
[EventRounds "10"]
[EventCountry "USA"]
[SourceTitle "EXT 2021"]
[Source "ChessBase"]
[SourceDate "2020.10.23"]
[SourceVersion "1"]
[SourceVersionDate "2020.10.23"]
[SourceQuality "1"]

1. e4 Nf6 2. Nc3 d5 3. e5 Nfd7 4. f4 c5 5. Nxd5 Nxe5 6. Nc3 Ng6 7. d3 Nc6 8. Nf3 Bg4 9. Be2 e6 10. Be3 Bd6 11. g3 h5 12. Qd2 Qe7 13. Ne4 0-0-0 14. Nxd6+ Qxd6 15. Qc3 b6 16. 0-0-0 h4 17. d4 hxg3 18. dxc5 Qc7 19. hxg3 e5 20. cxb6 axb6 21. Bb5 Bxf3 22. Rxh8 Rxh8 23. Rf1 Rh1 24. Rxh1 Bxh1 25. Qa3 exf4 26. gxf4 Nge7 27. Qa8+ Kd7 28. Qa6 Nd5 29. Bd2 f6 30. c4 Nxf4 31. a4 Nd3+ 32. Kb1 Nc5 33. Qa8 Ke7 34. Qg8 Be4+ 35. Ka2 Nb4+ 36. Bxb4 Qg3 37. Qe8+ Kd6 38. Qxe4 Qb3+ 39. Kb1 Qd1+ 40. Ka2 Qb3+ 41. Ka1 Qxb4 42. Qd5+ Ke7 43. Qg8 Qe1+ 44. Ka2 Qg3 45. Qe8+ Kd6 46. Qd8+ Ke6 47. Qe8+ Kf5 48. Qc8+ Kg5 49. Qg8 Qb3+ 50. Kb1 Qd1+ 51. Ka2 Qb3+ 52. Kb1 Qd1+ 53. Ka2 g6 54. Be8 Qb3+ 55. Kb1 Qd3+ 56. Ka2 Qb3+ 57. Kb1 Qd3+ 58. Ka2 Qb3+ 59. Kb1 1/2-1/2

[Event "ITA-ch U20 sf"]
[Site "Alessandria"]
[Date "2018.07.28"]
[Round "8.3"]
[White "Varriale, Luca"]
[Black "Bergamasco, Tommaso"]
[Result "1-0"]
[WhiteElo "2251"]
[BlackElo "2154"]
[PlyCount "59"]
[EventDate "2018.07.21"]
[EventType "swiss"]
[EventRounds "9"]
[EventCountry "ITA"]
[SourceTitle "EXT 2023"]
[Source "ChessBase"]
[SourceDate "2022.10.05"]
[SourceVersion "1"]
[SourceVersionDate "2022.10.05"]
[SourceQuality "1"]

1. d4 Nf6 2. c4 g6 3. Nc3 d5 4. Nf3 Bg7 5. Bg5 Ne4 6. cxd5 Nxc3 7. bxc3 Qxd5 8. e3 Qa5 9. Qb3 Be6 10. Bc4 Bxc4 11. Qxc4 c6 12. 0-0 Qc7 13. Rab1 e6 14. Qb4 b6 15. Bf4 Qc8 16. Ng5 Bf8 17. Bd6 f6 18. Bxf8 Rxf8 19. Ne4 Kd7 20. Qd6+ Ke8 21. Qb4 Kd7 22. c4 Na6 23. Qd6+ Ke8 24. Qa3 Kd7 25. Qd6+ Ke8 26. Qa3 Kd7 27. c5 Nc7 28. cxb6 Nb5 29. Rxb5 cxb5 30. b7 1-0

[Event "ITA-ch U20 sf"]
[Site "Alessandria"]
[Date "2018.07.26"]
[Round "6.4"]
[White "Bergamasco, Tommaso"]
[Black "Zenari, Marco"]
[Result "1-0"]
[WhiteElo "2154"]
[BlackElo "2165"]
[PlyCount "111"]
[EventDate "2018.07.21"]
[EventType "swiss"]
[EventRounds "9"]
[EventCountry "ITA"]
[SourceTitle "EXT 2023"]
[Source "ChessBase"]
[SourceDate "2022.10.05"]
[SourceVersion "1"]
[SourceVersionDate "2022.10.05"]
[SourceQuality "1"]

1. d4 Nf6 2. c4 g6 3. Nc3 Bg7 4. e4 d6 5. Nf3 0-0 6. Be2 e5 7. dxe5 dxe5 8. Qxd8 Rxd8 9. Bg5 Re8 10. Nd5 Nxd5 11. cxd5 c6 12. Bc4 cxd5 13. Bxd5 Na6 14. Ke2 Nc7 15. Bb3 Be6 16. Rhd1 Bxb3 17. axb3 Nb5 18. Rd7 Rab8 19. Rc1 f6 20. Be3 Red8 21. Rxd8+ Rxd8 22. Nd2 Bf8 23. Rc4 Kf7 24. Nb1 Ke6 25. Nc3 Nxc3+ 26. bxc3 a6 27. Rc7 Rd7 28. Rc8 Bd6 29. Bb6 Be7 30. Rh8 Bd6 31. b4 Bc7 32. Be3 Kd6 33. Re8 Kc6 34. c4 Bd8 35. Bc5 b6 36. Re6+ Kb7 37. Be3 b5 38. c5 Rf7 39. g4 g5 40. c6+ Kc7 41. Bc5 h5 42. gxh5 Rh7 43. Bd6+ Kxc6 44. Bxe5+ Kb7 45. Bxf6 Bxf6 46. Rxf6 Rxh5 47. Rg6 Rh4 48. Ke3 Rh3+ 49. f3 Rxh2 50. Rd6 Rb2 51. Rd4 Rb3+ 52. Kf2 Kc6 53. e5 a5 54. bxa5 Ra3 55. e6 Ra2+ 56. Kg3 1-0

[Event "Titled Tuesday intern op 17th April"]
[Site "Chess.com INT"]
[Date "2018.04.17"]
[Round "3"]
[White "Haussernot, Cecile"]
[Black "Bergamasco, Tommaso"]
[Result "0-1"]
[WhiteElo "2139"]
[BlackElo "2174"]
[PlyCount "104"]
[EventDate "2018.04.17"]
[EventType "swiss (blitz)"]
[EventRounds "10"]
[EventCountry "USA"]
[SourceTitle "EXT 2021"]
[Source "ChessBase"]
[SourceDate "2020.10.23"]
[SourceVersion "1"]
[SourceVersionDate "2020.10.23"]
[SourceQuality "1"]

1. e4 e5 2. Nf3 Nc6 3. Bb5 Nf6 4. d3 Bc5 5. 0-0 Qe7 6. c3 a6 7. Ba4 b5 8. Bc2 h6 9. a4 Bb7 10. d4 Bb6 11. Re1 d6 12. d5 Nd8 13. b3 0-0 14. c4 bxc4 15. bxc4 a5 16. Be3 Bxe3 17. Rxe3 Ba6 18. Bd3 Nb7 19. Nh4 g6 20. Rh3 Nc5 21. Qd2 Nfxe4 22. Qxh6 Qg5 23. Qxg5 Nxg5 24. Rg3 Nxd3 25. Rxd3 Bxc4 26. Rd1 Rab8 27. Na3 Bb3 28. Rdc1 Bxd5 29. Rxc7 Rb4 30. g3 Rxa4 31. Rcc1 Rb8 32. Nc2 Rxa1 33. Rxa1 Rb5 34. Ne3 Bb7 35. Nc4 Nh3+ 36. Kf1 Rd5 37. Nxa5 Ba6+ 38. Kg2 Ng5 39. Nb3 Bb7 40. Kg1 Rb5 41. Na5 Rb2 42. Nxb7 Rxb7 43. Ra6 Rd7 44. Ng2 Nf3+ 45. Kh1 d5 46. Ne3 d4 47. Nd1 Rc7 48. Kg2 e4 49. Ra8+ Kg7 50. Re8 f5 51. h3 Rc2 52. Rd8 Rd2 0-1

[Event "Spilimbergo op 15th"]
[Site "Spilimbergo"]
[Date "2017.08.11"]
[Round "2"]
[White "Bukal, Vladimir Jr"]
[Black "Bergamasco, Tommaso"]
[Result "1-0"]
[WhiteElo "2388"]
[BlackElo "2174"]
[PlyCount "97"]
[EventDate "2017.08.10"]
[EventType "swiss"]
[EventRounds "9"]
[EventCountry "ITA"]
[SourceTitle "EXT 2019"]
[Source "ChessBase"]
[SourceDate "2018.10.10"]
[SourceVersion "1"]
[SourceVersionDate "2018.10.10"]
[SourceQuality "1"]

1. d4 d5 2. Bf4 Nf6 3. e3 a6 4. Nd2 c5 5. c3 Nc6 6. Ngf3 e6 7. Bd3 Be7 8. Ne5 Qb6 9. Rb1 Nxe5 10. Bxe5 Bd7 11. 0-0 0-0 12. dxc5 Qxc5 13. b4 Qa7 14. a4 Rac8 15. Bd4 Qb8 16. f4 Ne8 17. c4 f6 18. cxd5 exd5 19. Qb3 Be6 20. Bf5 Qd6 21. Ne4 Qd7 22. Nc5 Bxc5 23. Bxe6+ Qxe6 24. bxc5 Rf7 25. f5 Qd7 26. Qa2 g6 27. fxg6 hxg6 28. Rb6 Rc6 29. Rfb1 Rxb6 30. Rxb6 Qg4 31. Qxd5 Qd1+ 32. Kf2 Qd2+ 33. Kf3 Qd1+ 34. Ke4 f5+ 35. Ke5 Qh5 36. Qf3 Qxh2+ 37. Kd5 Qc7 38. Kc4 Qd7 39. Kb4 Nc7 40. Rxg6+ Kf8 41. Rd6 a5+ 42. Kb3 Qc8 43. Rh6 Ke7 44. Qf4 Qd7 45. Rd6 Qc8 46. Qh4+ Ke8 47. Qh8+ Rf8 48. Qe5+ Kf7 49. Rf6+ 1-0

[Event "Trieste op 18th"]
[Site "Trieste"]
[Date "2016.09.08"]
[Round "7"]
[White "Baklan, Vladimir"]
[Black "Bergamasco, Tommaso"]
[Result "1-0"]
[WhiteElo "2619"]
[BlackElo "2200"]
[PlyCount "55"]
[EventDate "2016.09.03"]
[EventType "swiss"]
[EventRounds "9"]
[EventCountry "ITA"]
[SourceTitle "CBM 174 Extra"]
[Source "ChessBase"]
[SourceDate "2016.10.10"]
[SourceVersion "1"]
[SourceVersionDate "2016.10.10"]
[SourceQuality "1"]

1. e4 e6 2. d4 d5 3. Nd2 Nc6 4. Ngf3 Nf6 5. e5 Nd7 6. Bd3 f6 7. exf6 Qxf6 8. Nf1 e5 9. Ne3 Nb6 10. dxe5 Nxe5 11. Nxe5 Qxe5 12. 0-0 Bd6 13. f4 Qf6 14. a4 a5 15. Ng4 Bxg4 16. Qxg4 0-0 17. Bd2 Qxb2 18. Qh3 Qf6 19. Qxh7+ Kf7 20. Qh5+ Ke7 21. Rae1+ Kd8 22. f5 Kc8 23. Re6 Qd4+ 24. Be3 Qc3 25. Rxd6 Nc4 26. Re6 Nxe3 27. Rxe3 c5 28. Re8+ 1-0

[Event "Trieste op 18th"]
[Site "Trieste"]
[Date "2016.09.05"]
[Round "4"]
[White "Cruz Lledo, Pablo"]
[Black "Bergamasco, Tommaso"]
[Result "1-0"]
[WhiteElo "2413"]
[BlackElo "2200"]
[PlyCount "97"]
[EventDate "2016.09.03"]
[EventType "swiss"]
[EventRounds "9"]
[EventCountry "ITA"]
[SourceTitle "CBM 174 Extra"]
[Source "ChessBase"]
[SourceDate "2016.10.10"]
[SourceVersion "1"]
[SourceVersionDate "2016.10.10"]
[SourceQuality "1"]

1. d4 Nf6 2. c4 d6 3. Nc3 g6 4. e4 Bg7 5. Nge2 0-0 6. f3 a6 7. Be3 Nc6 8. Qd2 Rb8 9. Rb1 b5 10. cxb5 axb5 11. b4 e5 12. d5 Ne7 13. Ng3 Bd7 14. a4 bxa4 15. b5 Ne8 16. Bd3 f5 17. exf5 gxf5 18. Nh5 Bh8 19. Bh6 Ng7 20. Qg5 Ng6 21. Qxd8 Rbxd8 22. Nxg7 Bxg7 23. Bxg7 Kxg7 24. Kd2 Kf6 25. Rhc1 Rb8 26. Rb4 Rb7 27. Rxa4 Rg8 28. g3 h5 29. Rca1 h4 30. Ra7 Rgb8 31. Rxb7 Rxb7 32. Ra8 hxg3 33. hxg3 e4 34. fxe4 f4 35. gxf4 Nxf4 36. Rf8+ Ke5 37. Rf7 Nxd3 38. Kxd3 Bh3 39. Ke3 Bg4 40. Na2 Rxb5 41. Nc1 Rxd5 42. exd5 Kxd5 43. Rxc7 Ke6 44. Kd4 Bf3 45. Nd3 d5 46. Nb4 Be4 47. Rc6+ Kf5 48. Nxd5 Bb1 49. Rb6 1-0